00585nam a2200181Ia 4500003000900000008004100009040001600050080001900066100002500085245005200110260003900162300001700201650001900218650004900237942000700286999001500293952009500308IN-BaIIA211028s9999 xx 000 0 eng d cIIA Library a535.313.6bBUC aBuchdahl, H. A97560 0aOptical aberration coefficientscH. A. Buchdahl aNew YorkbDover Publicationsc1968 axxiii, 424p. a Optics97980 aAstronomy and astrophysics thesaurus 91143 cBK c4541d4541 00104070aBANbBANcGENd1974-10-09l0o535.313.6/ BUCp5068r2021-11-05w1974-10-09yBK